Titles of Books - Statistics

General Stats
  • This quiz has been taken 25 times
  • The average score is 5 of 12
Answers on the Grid
Answers color-coded by a green-red scale on the quiz's grid according to % correct below.
Wisdom
Heaven and Hell
Fire on the Pyramid Tonight
Married to Bhutan
To Touch Heaven
Mormons
Dune
Doom of all Humanity
James and the Giant Peach
God save the King
Man in the High Castle
The Tudors
Socialismo Populismo
Somewhere Over the Rainbow
Revelations
The Witches
A Night in Cerdon
Lord of the Flies
Malachi
The King of Ha’il
Song of Solomon
Prince of the Uyghurs
A New Tomorrow
100 years of solitude
 
Answer Stats
Answer % Correct
Dune
80%
100 years of solitude
73%
James and the Giant Peach
73%
Lord of the Flies
67%
Song of Solomon
53%
The Witches
40%
Man in the High Castle
33%
Revelations
27%
Wisdom
13%
Mormons
7%
Malachi
0%
Married to Bhutan
0%
No matching quizzes found
Score Distribution
Percent of People with Each Score
Percentile by Number Answered
Your Score History
You have not taken this quiz